Pomniki Szczecina jako odzwierciedlenie przemian minionych wydarzeń

Titel: Pomniki Szczecina jako odzwierciedlenie przemian minionych wydarzeń
Verfasser:
In: Acta politica, Band 283=13 (2000), Seite 195-210
alle Artikel anzeigen
Veröffentlicht: 2000
Format: Aufsatz
Sprache: Polnisch
Kein Bild verfügbar
X
alg: 39351016
001A    $01999:12-11-16 
001B    $01999:22-05-21 $t21:58:58.000 
001C    $06050:19-11-16 $t09:25:22.000 
001D    $01999:12-11-16 
001U    $0utf8 
001X    $00 
002@    $0Aox 
003@    $0393510166 
007A    $0393510166 $aHEB 
007T    $0Herdt14028 
010@    $apol 
011@    $a2000 
021A    $aPomniki Szczecina jako odzwierciedlenie przemian minionych wydarzeń 
028A    $aKamola-Cieślik $dMałgorzata 
031A    $d283=13 $h195-210 $j2000 
037A    $aengl. Res. 210: Monuments of Szczecin as the epitome of past events transformations 
039B    $aIn $8--Abvc--. Acta politica. - Szczecin : Wydawn. Naukowe Uniwersytetu Szczecińskiego, 1988-. - ISSN 0867-0617 $x200000002830000805 $9048184853 
045F    $a307.0943816 $eDDC23BSB 
045F/01 $a307.09 
045F/03 $g43816 
045T    $a3,6 $a7,41 $a8 

lok: 39351016 78

exp: 39351016 78 1 #EPN
201B/01 $011-01-18 $t23:07:08.000 
201U/01 $0utf8 
203@/01 $078962060X 
208@/01 $a12-11-16 $be 
209A/01 $a/ $f000 $x00 
220C/01 $aTitelaufnehmer: uz 
244Z/01 $2Trx $#Pomeranija $#Pommern $#Pomoransko $#Pomořansko $#Hinterpommern;Vorpommern;Mittelpommern $#Pomorze Środkowe;Pomorze Przednie $#Pomořansko;Západní Pomořany; Pomořany $8--Trx--Pomorze Zachodnie $x01 $9391303775 
244Z/01 $#Stettin $#Szczecin $#Stetina $#Stadtkreis Stettin $#Groß Stettin $#Sedinum $#Alten Stettin $#Olden Stettin $#Ščecinas $#Štětín $74057392-8 $8--Tg1--Stettin $x02 $9085159689 
244Z/01 $aGeschichte 1808-1970 $x03 
244Z/01 $2Trx $#mälestusmärgid $#paminklai $#Monuments $#emlékművek $#pomniki $#pamätníky $#pomníky $#zabytki $#pomníky $#pomníky $8--Trx--Denkmäler $x04 $9391357808 
244Z/01 $2Trx $8--Trx--Zeitschriftenaufsatz $x05 $9391384341 
245Z/01 $a13.03 $x01 
245Z/01 $a11.14 $x02 
247C/01 $82080>Marburg/Lahn, Herder-Institut, Forschungsbibliothek, Bibliographieportal $9336309341
LEADER 00000caa a22000002c 4500
001 393510166
003 DE-603
005 20210522215858.0
007 tu
008 161112s2000 xx |||| | u00||u|pol c
035 |a (DE-599)HEB393510166 
040 |a DE-603  |b ger  |c DE-603  |d DE-603 
041 |a pol 
082 0 4 |8 1\u  |a 307.0943816  |q DE-101  |2 23/BSB 
084 |a 3,6  |a 7,41  |a 8  |2 ssgn 
085 |8 1\u  |b 307.09 
085 |8 1\u  |z 2  |s 43816 
100 1 |a Kamola-Cieślik, Małgorzata 
245 0 0 |a Pomniki Szczecina jako odzwierciedlenie przemian minionych wydarzeń 
264 0 |c 2000 
500 |a engl. Res. 210: Monuments of Szczecin as the epitome of past events transformations 
773 0 8 |i In  |t Acta politica  |d Szczecin : Wydawn. Naukowe Uniwersytetu Szczecińskiego, 1988-  |x 0867-0617  |g Band 283=13 (2000), Seite 195-210  |w (DE-603)048184853  |w (DE-600)919753-9 
924 0 |9 2080  |a (DE-603)78962060X  |b DE-2080  |c HES  |d d  |g /